¿Cómo domina la clase dominante?: aparatos de Estado y poder estatal en el feudalismo, el capitalismo y el socialismo /
El documento presenta un análisis del Estado, tratando de construir una tipología sistemática de las diferencias entre el Estado feudal, el Estado capitalista y el Estado socialista, a partir del estudio comparativo que abarca desde las monarquías de la Europa medieval hasta el régimen de Rusia, la...
Gorde:
| Egile nagusia: | |
|---|---|
| Formatua: | Texto |
| Hizkuntza: | Spanish |
| Argitaratua: |
Cerro del Agua:
Siglo veintiuno editores S.A.
1982
|
| Edizioa: | 2 |
| Gaiak: | |
| Etiketak: |
Etiketa erantsi
Etiketarik gabe, Izan zaitez lehena erregistro honi etiketa jartzen!
|
MARC
| LEADER | 00000 a a2200000 04500 | ||
|---|---|---|---|
| 001 | 33848 | ||
| 003 | cru CIDCACS/IIS | ||
| 005 | 20230704090641.0 | ||
| 008 | 171026e19791982sp ||||| |||| 00| 0 spa d | ||
| 020 | |a 968-23-0954-9 | ||
| 040 | |c cru CIDCACS/IIS | ||
| 090 | |a 04.03.01 T398c | ||
| 100 | |a Therborn, Göran | ||
| 245 | |a ¿Cómo domina la clase dominante?: aparatos de Estado y poder estatal en el feudalismo, el capitalismo y el socialismo / |c Göran Therborn | ||
| 250 | |a 2 | ||
| 260 | |a Cerro del Agua: |b Siglo veintiuno editores S.A. |c 1982 | ||
| 300 | |a 360 páginas | ||
| 520 | |a El documento presenta un análisis del Estado, tratando de construir una tipología sistemática de las diferencias entre el Estado feudal, el Estado capitalista y el Estado socialista, a partir del estudio comparativo que abarca desde las monarquías de la Europa medieval hasta el régimen de Rusia, la Europa Occidental y China, pasando por las democracias burguesas occidentales del siglo XX. | ||
| 650 | |a ESTADO | ||
| 650 | |a PARTICIPACION DEL ESTADO | ||
| 650 | |a CAPITALISMO | ||
| 650 | |a BURGUESIA | ||
| 650 | |a CLASE OBRERA | ||
| 650 | |a MARXISMO | ||
| 650 | |a SOCIALISMO | ||
| 650 | |a TRABAJADORAS | ||
| 650 | |a MUJERES | ||
| 650 | |a CLASE OBRERA | ||
| 650 | |a PARTIDO COMUNISTA | ||
| 942 | |2 ddc |c LI |h 04.03.01 T398c |i 00353 |6 040301_T398C_00353 | ||
| 999 | |c 16030 |d 16030 | ||



